[Event "Sarajevo Bosnia 30th"]
[Site "Sarajevo"]
[Date "2000.05.27"]
[Round "10"]
[White "Bareev, Evgeny"]
[Black "Topalov, Veselin"]
[Result "1/2-1/2"]
[WhiteElo "2709"]
[BlackElo "2702"]
[Annotator "Stohl,I"]
[PlyCount "92"]
[EventDate "2000.05.17"]
[EventType "tourn"]
[EventRounds "11"]
[EventCountry "BIH"]
[EventCategory "19"]
[SourceTitle "CBM 077"]
[Source "ChessBase"]
[SourceDate "2000.07.27"]
[SourceVersion "1"]
[SourceVersionDate "2000.07.27"]
[SourceQuality "1"]

1. d4 Nf6 2. c4 c5 3. d5 b5 4. Nf3 g6 5. cxb5 a6 6. Qc2 axb5 (6... Nxd5 7. Qxc5
Bb7 8. Qd4 Nf6 9. bxa6 Rxa6 10. Nc3 Nc6 11. Qd1 Nb4 12. Bd2 Bg7 13. a3 Nbd5 14.
e3 Rb6 15. Na4 Rd6 16. Nc5 Bc6 17. Rc1 Ng4 18. Nd4 Bxd4 19. exd4 h5 20. Be2 Qa8
21. O-O $14 {Kozak,M-Petrtyl,J/CZE-chT2/1997/}) 7. e4 {In this unexplored
sideline it still remains unclear what's Black's best even after the greedy
and risky} (7. Qxc5 Na6 $5 (7... d6 8. Qxb5+ Nbd7 9. Nc3 Bg7 10. g3 O-O 11. Bg2
Nc5 12. O-O Nfd7 13. Qb4 Nb6 14. Qh4 h5 15. Nd4 Bxd4 16. Qxd4 Nb3 17. axb3 Rxa1
18. Bh6 Rxf1+ 19. Bxf1 f6 20. Bxf8 {1-0,Tukmakov,V-Djukic,Z/Bor/1983/}) (7...
Bg7 8. Nc3 Na6 9. Qxb5 Rb8 10. Qa4 O-O 11. e4 Nc5 12. Qa7 Rb6 13. Be3 d6 14.
Bxc5 dxc5 15. Bc4 Rxb2 16. O-O Ne8 (16... Bg4 17. Ne5 Qd6 18. Nd3 Nd7 19. Nxb2
Bxc3 20. Rab1 Qf4 21. Qa3 Be5 22. g3 Qxe4 {Anapolsky,S-Moraru,M/ROM-chT/1994/}
23. Rfe1 $16) 17. Rac1 Bg4 18. Qxc5 Bxf3 19. gxf3 Qb8 (19... Be5 $142 $1 $44)
20. d6 Nxd6 21. Bb3 Bh6 22. Nd5 Qd8 23. Qc3 Bg7 24. Qc7 $16 {Najer,E-Lempert,I/
Moscow op/1996/}) 8. Qd4 Bg7 9. e4 Bb7 10. Bxb5 (10. Nc3 b4 $5 11. Bxa6 Bxa6
12. Qxb4 $14) 10... Qa5+ 11. Nc3 Nb4 12. O-O Nc2 13. Qd3 Nxa1 14. Bg5 O-O 15.
Rxa1 Ba6 16. e5 Bxb5 17. Nxb5 Rfb8 18. Nc3 Ng4 19. Bxe7 Rxb2 20. Rf1 Nxe5 $17 {
Vegh,E-Adrian,C/Hampstead/1998/}) 7... Qa5+ (7... Bg7 8. Bxb5 (8. Nc3 b4 9. Nb5
O-O 10. Be2 b3 11. Qxb3 Nxe4 12. O-O d6 13. Nd2 Nf6 14. Bf3 Na6 15. Nc4 Rb8 16.
Bd2 Nb4 17. a4 Nfxd5 18. Ncxd6 Be6 19. Bxb4 Nxb4 20. Nc4 Qd3 $17 {Klebel,
M-Jukic,B/Vienna/1991/}) 8... O-O 9. O-O d6 10. Nc3 Ba6 11. a4 Nbd7 12. h3 Ne8
13. Bd2 Nc7 14. Bxa6 Rxa6 $14 {1/2,Bagirov,V-Grigorian,K/Yerevan/1982/}) (7...
Ba6 $5 8. Qxc5 (8. Nbd2 Bg7 9. Qxc5 O-O 10. Bd3 e6 11. O-O d6 12. Qb4 exd5 13.
exd5 Nxd5 14. Qb3 Nf4 15. Bxb5 Qa5 16. Bxa6 Qxa6 17. g3 Ne2+ 18. Kg2 Nc6 19.
Qc4 Rfb8 20. Re1 Ned4 21. Nxd4 Nxd4 22. Qxa6 Rxa6 23. Rd1 Rc8 24. Rb1 Rxa2 25.
Nf3 Nb5 {1/2,Epishin,V-Bareev,E/RUS-ch St Petersburg/1998/}) 8... Nxe4 9. Qd4
Nf6 10. Nc3 Bg7 11. Bd2 O-O 12. Bxb5 Bxb5 13. Nxb5 Ne8 14. Qc4 Bxb2 15. Rb1 Bg7
16. O-O Na6 17. Rfc1 Nf6 18. d6 exd6 19. Nxd6 Qe7 20. Rb6 Qe6 21. Qf1 Nb8 22.
Nc4 Nc6 23. a3 Ne4 24. Be3 Rfb8 25. a4 d5 $11 {Kortschnoj,V-Cramling,P/
Roquebrune/1998/}) 8. Bd2 Qa4 $1 $146 {[%mdl 8] Black doesn't allow White to
stabilize the position on the <<.} (8... b4 $143 9. Na3 d6 10. Nc4 Qd8 11. Be2
Bg7 12. O-O O-O 13. Rfd1 (13. a3 $5) 13... Na6 14. a4 Rb8 15. b3 Bb7 16. Bg5 h6
17. Bh4 g5 18. Bg3 Nh5 19. Rac1 Nc7 20. Ne3 Nxg3 21. hxg3 e6 22. dxe6 fxe6 23.
Nc4 d5 24. Nce5 $16 {Huzman,A-Kogan,A/ISR-chT/1999/}) 9. Qxa4 (9. Qxc5 Qxe4+
10. Be3 Na6 $36) 9... bxa4 (9... Rxa4 $2 10. Nc3 $16) 10. Nc3 Bg7 (10... d6 11.
e5 $5 dxe5 (11... Nfd7 12. Bb5 $14) 12. Nxe5 $14) 11. e5 (11. Bb5 $6 a3 $15) (
11. a3 d6 12. Bd3 Nbd7 13. Bb5 O-O $132) 11... Ng4 12. Bf4 f6 $8 13. exf6 Nxf6
14. a3 O-O 15. O-O-O (15. d6 exd6 16. Bxd6 Re8+ $40) 15... d6 16. Re1 (16. Bb5
Bd7 $15 {[%cal Gg7a1,Gf8f2,Gb8b2] If Black is allowed to consolidate, he has
promising play on the <-> b and f, also on the /^a1-h8.}) 16... Ra7 $1 (16...
Re8 17. h3 $14 {is too passive, Topalov prefers to sacrifice a pawn.}) 17. Bb5
Ba6 18. Bxa4 Bc4 {[%csl Rd5] ><d5} 19. Bg5 (19. Bb5 Bxd5 (19... Bxb5 20. Nxb5
Ra4 21. Bg5 Nxd5 22. Bxe7 Nxe7 23. Rxe7 Rg4 24. Ne1 Rxf2 25. Re8+ Rf8 26. Nxd6
$14) (19... Ng4 $5 20. Bxd6 Bxc3 21. Rxe7 Bxb2+ 22. Kxb2 Rxe7 23. Bxe7 Bxb5 24.
Bxf8 Kxf8 25. Kc3 $5 $14) 20. Nxd5 Nxd5 21. Bc4 Rxf4 22. Bxd5+ Kf8 (22... Kh8
23. Kc2 $14) 23. Ng5 Rf5 $13) 19... Nxd5 20. Bb5 $8 (20. Nxd5 $2 Bxd5 21. Bd1
Nc6 $17) 20... Bxb5 21. Nxd5 Bc4 (21... e5 $143 22. Be7 $14) (21... Nc6 $142 $5
22. Nxe7+ Kh8 $44) 22. Rxe7 (22. Nxe7+ Kh8 23. Nd2 Bd3 24. f3 Rb7 $36) 22...
Ra6 (22... Rxe7 23. Nxe7+ Kf7 (23... Kh8 24. Rd1 $16) 24. Nd2 $16) 23. Rd1 Nc6
24. Rb7 {Otherwise Black plays Rb8.} Na5 25. Rb6 Nb3+ 26. Kc2 {Now Black gets
enough play.} ({More ambitious was} 26. Kb1 $142 $1 Nd4 27. Rxa6 Bxa6 28. Nxd4
(28. Be7 Re8 (28... Rf5 29. Ne3 $16) 29. Nxd4 Bxd4 30. Bxd6 Re2 $132) 28...
Bxd4 29. f3 $14) 26... Nd4+ 27. Nxd4 Rxf2+ 28. Rd2 Rxd2+ 29. Kxd2 Bxd4 30. Rb8+
Kf7 31. Rb7+ Kg8 32. Rb8+ Kf7 33. Rb7+ Kg8 34. Nf6+ $5 {The last attempt. But
with ^- the extra pawn will be insufficient.} (34. Rb8+ $11) 34... Bxf6 35.
Bxf6 h5 36. Rg7+ ({More testing was} 36. Kc3 $5 Bf1 (36... Bd5 37. Rg7+ Kf8 38.
Rxg6 Kf7 39. Rh6 Bxg2 40. Bg5 $14) 37. Rg7+ (37. g3 d5 38. Be7 Rc6 $11) 37...
Kf8 38. Rxg6 d5 39. Bg7+ Kf7 $11) 36... Kf8 37. Rxg6 Kf7 38. Rh6 d5 $11 39. Bg5
Rxh6 40. Bxh6 Bf1 41. g3 d4 42. a4 Ke6 43. Ke1 Bd3 44. Kf2 Kd5 45. Kf3 c4 46.
Bd2 c3 $1 (46... c3 47. Bxc3 (47. bxc3 dxc3 48. Bxc3 Kc6 $11 {Black puts his K
on a8 and sacrifices his B for the o^ on the >>, with his "false" B White
can't queen his last remaining P.}) 47... dxc3 48. bxc3 Kc4 49. Kf4 Kxc3 50.
Kg5 Be2 51. a5 Kd4 $11) 1/2-1/2